Sports Quiz

Random Sports or Hockey Quiz

Old IHL Teams Quiz Stats

 Plays Quiz not verified by Sporcle

Challenge
Share
Tweet
Embed
Score 0/75 Timer 20:00
0 Plays Today
Years Team % Correct
1995-01Orlando Solar Bears
92.7%
1996-01Manitoba Moose
91.3%
1994-96Minnesota Moose
90%
1988-99Indianapolis Ice
86.7%
1994-01Chicago Wolves
84%
1995-01Utah Grizzlies
84%
1989-97Phoenix Roadrunners
82%
1994-95Denver Grizzlies
82%
1994-01Houston Aeros
81.3%
1992-01Cleveland Lumberjacks
78%
1994-01Detroit Vipers
77.3%
1959-63Omaha Knights
76%
1960-92Muskegon Zephyrs
76%
1992-96Atlanta Knights
75.3%
1992-01Cincinnati Cyclones
74.7%
1974-95Kalamazoo Wings
71.3%
1996-01Grand Rapids Griffins
71.3%
1996-00Long Beach Ice Dogs
70.7%
1995-96San Francisco Spiders
70.7%
1962-81Port Huron Flags
70%
1990-01Kansas City Blades
70%
1963-74Toledo Blades
69.3%
1995-96Los Angeles Ice Dogs
68%
1948-49Louisville Blades
67.3%
1995-00Michigan K-Wings
66%
1993-99Las Vegas Thunder
66%
1977-01Milwaukee Admirals
64.7%
1993-94Russian Penguins
64%
1990-95San Diego Gulls
63.3%
1982-96Peoria Prancers
62%
1984-94Salt Lake Golden Eagles
59.3%
1952-99Fort Wayne Komets
58.7%
1996-98Quebec Rafales
56.7%
1985-89Saginaw Generals
55.3%
1987-88Colorado Rangers
51.3%
1988-89Denver Rangers
51.3%
1953-54Louisville Shooting Stars
49.3%
1969-85Flint Generals
46%
Years Team % Correct
1966-77Columbus Checkers
43.3%
1953-54Marion Barons
42.7%
1972-83Saginaw Gears
38.7%
1996-98San Antonio Dragons
38.7%
1959-63St. Paul Saints
38%
1984-87Indianapolis Checkers
35.3%
1990-91Albany Choppers
34%
1952-54Milwaukee Chiefs
33.3%
1955-62Indianapolis Chiefs
33.3%
1963-64Windsor Bulldogs
33.3%
1964-80Dayton Gems
33.3%
1951-59Troy Bruins
32%
1953-55Johnstown Jets
32%
1974-86Toledo Goaldiggers
32%
1948-49Akron Americans
31.3%
1948-49Muncie Flyers
31.3%
1959-60Milwaukee Falcons
30.7%
1963-75Des Moines Oak Leafs
30%
1945-52Windsor Spitfires
28%
1977-80Grand Rapids Owls
28%
1985-90Flint Spirits
28%
1950-56Grand Rapids Rockets
26%
1977Dayton Owls
26%
1952-58Cincinnati Mohawks
22.7%
1959-63Minneapolis Millers
22.7%
1974-75Lansing Lancers
22.7%
1949-52 1963-64Chatham Maroons
22%
1945-51Detroit Auto Club
20.7%
1956-57Huntington Hornets
20%
1949-51Sarnia Sailors
18%
1959Denver Mavericks
18%
1947-49 1950-62Toledo Mercurys
17.3%
1945-49Detroit Bright's Goodyears
16.7%
1948-49Milwaukee Clarks
16%
1957-60Louisville Rebels
16%
1945-50Windsor Gotfredsons
11.3%
1946-49Detroit Metal Mouldings
11.3%

You're not logged in!

Compare scores with friends on all Sporcle quizzes.
Join for Free
OR
Log In

You Might Also Like...

Show Comments

Extras

Top Quizzes Today


Score Distribution

Your Account Isn't Verified!

In order to create a playlist on Sporcle, you need to verify the email address you used during registration. Go to your Sporcle Settings to finish the process.

Report this User

Report this user for behavior that violates our Community Guidelines.

Details: